Score 0/30 Timer 07:00
0 Plays Today
% Correct
Captain America: The First Avenger
97.2%
Pirates of the Caribbean: On Stranger Tides
94.6%
Star Trek Beyond
93.4%
Apollo 13
92.5%
Star Wars: Episode V - The Empire Strikes Back
89.6%
Hook
88.2%
Airplane!
83.9%
The Lord of the Rings: The Two Towers
80.4%
Independence Day
80.1%
Captain Phillips
79.3%
Pearl Harbor
71.8%
Saving Private Ryan
70.5%
The Adventures of Tintin: The Secret of the Unicorn
67.9%
Planet of the Apes
67.7%
The Matrix Revolutions
64.4%
% Correct
Master and Commander: The Far Side of the World
63.9%
Captain Marvel
61.7%
Titanic
60.1%
Flight
58.3%
The Perfect Storm
55.6%
The Life Aquatic with Steve Zissou
55.5%
Galaxy Quest
54%
Das Boot
45.2%
Moby Dick
44.9%
The African Queen
42.7%
The League of Extraordinary Gentlemen
29.2%
Sky Captain and the World of Tomorrow
28.1%
Crimson Tide
25.2%
Courage Under Fire
23.4%
The Bounty
15.3%
Remove Ads.
Support Sporcle.
Get the best of Sporcle when you Go Orange. This ad-free experience offers more features, more stats, and more fun while also helping to support Sporcle. Thank you for becoming a member.

You're not logged in!

Compare scores with friends on all Sporcle quizzes.
OR
Log In

Sporcle TV

Today on Sporcle TV


Watch our educational content, quiz creation guides, and fun videos on Sporcle TV.

Show Comments

Extras

Top Quizzes Today


Score Distribution

Paid Content

Your Account Isn't Verified!

In order to create a playlist on Sporcle, you need to verify the email address you used during registration. Go to your Sporcle Settings to finish the process.

Report this User

Report this user for behavior that violates our Community Guidelines.

Details: